[Event "Titled Tuesday intern op 02nd May Late"]
[Site "Chess.com INT"]
[Date "2023.05.02"]
[Round "10"]
[White "Fajdetic, Hrvoje"]
[Black "Adel, Sara"]
[Result "1-0"]
[WhiteElo "2151"]
[BlackElo "1739"]
[PlyCount "51"]
[EventDate "2023.05.02"]
[EventType "swiss (blitz)"]
[EventRounds "11"]
[EventCountry "USA"]
[SourceTitle "EXT 2024"]
[Source "ChessBase"]
[SourceDate "2023.10.10"]
[SourceVersion "1"]
[SourceVersionDate "2023.10.10"]
[SourceQuality "1"]

1. f4 Nf6 2. Nf3 d6 3. d3 Nc6 4. e4 e5 5. Be2 exf4 6. Bxf4 g6 7. 0-0 Bg7 8. Qd2 0-0 9. Bh6 Ne5 10. Nc3 Nfg4 11. Bxg7 Kxg7 12. Nd5 c6 13. Nf4 f5 14. exf5 Bxf5 15. h3 Nxf3+ 16. Bxf3 Ne5 17. d4 Nc4 18. Qc3 d5 19. Rae1 Qg5 20. Ne6+ Bxe6 21. Rxe6 Rae8 22. Rxe8 Rxe8 23. b3 Re3 24. Qb4 Nb6 25. Bxd5 cxd5 26. Qf8# 1-0

[Event "Titled Tuesday intern op 02nd May Late"]
[Site "Chess.com INT"]
[Date "2023.05.02"]
[Round "5"]
[White "Hoffmann, Asa"]
[Black "Adel, Sara"]
[Result "1-0"]
[WhiteElo "2185"]
[BlackElo "1739"]
[PlyCount "47"]
[EventDate "2023.05.02"]
[EventType "swiss (blitz)"]
[EventRounds "11"]
[EventCountry "USA"]
[SourceTitle "EXT 2024"]
[Source "ChessBase"]
[SourceDate "2023.10.10"]
[SourceVersion "1"]
[SourceVersionDate "2023.10.10"]
[SourceQuality "1"]

1. d4 Nf6 2. Bg5 g6 3. Nc3 Bg7 4. e4 d6 5. f3 Nbd7 6. Qd2 c5 7. Nge2 a6 8. 0-0-0 b5 9. e5 b4 10. Nb1 dxe5 11. dxe5 Nh5 12. g4 Bxe5 13. gxh5 Qa5 14. a3 bxa3 15. Qxa5 axb2+ 16. Kd2 0-0 17. hxg6 fxg6 18. f4 Bg7 19. Ng3 Bb7 20. Bc4+ Kh8 21. Rhe1 Rad8 22. Ke2 h6 23. Bxe7 Rfe8 24. Qxd8 1-0

[Event "Titled Tuesday intern op 28th Mar Late"]
[Site "Chess.com INT"]
[Date "2023.03.28"]
[Round "9"]
[White "Adel, Sara"]
[Black "Prieto Aranguren, Alain"]
[Result "1-0"]
[WhiteElo "1759"]
[BlackElo "2267"]
[PlyCount "45"]
[EventDate "2023.03.28"]
[EventType "swiss (blitz)"]
[EventRounds "11"]
[EventCountry "USA"]
[SourceTitle "EXT 2024"]
[Source "ChessBase"]
[SourceDate "2023.10.10"]
[SourceVersion "1"]
[SourceVersionDate "2023.10.10"]
[SourceQuality "1"]

1. e4 c6 2. d4 d5 3. Nc3 dxe4 4. Nxe4 h6 5. Nf3 Bg4 6. Bc4 e6 7. Be3 Nf6 8. Ng3 Nd5 9. h3 Bxf3 10. Qxf3 Bb4+ 11. c3 Be7 12. 0-0-0 a5 13. Nh5 Bf6 14. g4 a4 15. g5 hxg5 16. Bxd5 cxd5 17. Rdg1 Nc6 18. h4 gxh4 19. Nxg7+ Ke7 20. Qxf6+ Kxf6 21. Bg5+ Kxg7 22. Be7+ Kh7 23. Rxh4# 1-0

[Event "Titled Tuesday intern op 21st Feb Late"]
[Site "Chess.com INT"]
[Date "2023.02.21"]
[Round "2"]
[White "Adel, Sara"]
[Black "Delorme, Axel"]
[Result "0-1"]
[WhiteElo "1764"]
[BlackElo "2483"]
[PlyCount "96"]
[EventDate "2023.02.21"]
[EventType "swiss (blitz)"]
[EventRounds "11"]
[EventCountry "USA"]
[SourceTitle "CBM 212 Extra"]
[Source "ChessBase"]
[SourceDate "2023.03.31"]
[SourceVersion "1"]
[SourceVersionDate "2023.03.31"]
[SourceQuality "1"]

1. e4 c5 2. Nf3 d6 3. d4 cxd4 4. Nxd4 Nf6 5. Nc3 a6 6. f3 e5 7. Nb3 Be6 8. Be3 Be7 9. Qd2 0-0 10. g4 b5 11. g5 b4 12. Ne2 Ne8 13. h4 a5 14. h5 a4 15. Nbc1 d5 16. exd5 Qxd5 17. Nd3 Nc6 18. g6 Qxf3 19. Rg1 fxg6 20. hxg6 Bh4+ 21. Kd1 Qxf1+ 22. Rxf1 Rxf1+ 23. Ne1 Rxe1+ 24. Qxe1 Bxe1 25. gxh7+ Kxh7 26. Kxe1 Nf6 27. Ng3 a3 28. b3 Nd4 29. Bxd4 exd4 30. Kd2 Rc8 31. Rh1+ Kg8 32. Rh4 Bg4 33. Kd3 Rc3+ 34. Kxd4 Rxg3 35. Kc4 Rc3+ 36. Kxb4 Rxc2 37. Kxa3 g5 38. Rh1 Bf3 39. Rg1 g4 40. b4 Ne4 41. Kb3 Rc8 42. b5 g3 43. a4 g2 44. b6 Ng3 45. a5 Ne2 46. Re1 Rc1 47. Rxe2 Bxe2 48. b7 Rb1+ 0-1

[Event "Titled Tuesday intern op 21st Feb Late"]
[Site "Chess.com INT"]
[Date "2023.02.21"]
[Round "6"]
[White "Jovic, Stanoje"]
[Black "Adel, Sara"]
[Result "1-0"]
[WhiteElo "2073"]
[BlackElo "1764"]
[PlyCount "57"]
[EventDate "2023.02.21"]
[EventType "swiss (blitz)"]
[EventRounds "11"]
[EventCountry "USA"]
[SourceTitle "CBM 212 Extra"]
[Source "ChessBase"]
[SourceDate "2023.03.31"]
[SourceVersion "1"]
[SourceVersionDate "2023.03.31"]
[SourceQuality "1"]

1. c4 Nf6 2. g3 g6 3. Bg2 Bg7 4. Nc3 0-0 5. Nf3 Nc6 6. 0-0 e5 7. d3 d6 8. Rb1 Nh5 9. e4 Nd4 10. Nxd4 exd4 11. Ne2 a5 12. a3 c5 13. b4 axb4 14. axb4 f5 15. exf5 Bxf5 16. Bxb7 Ra2 17. Nf4 Nxf4 18. Bxf4 Bh3 19. Bg2 Bxg2 20. Kxg2 Rxf4 21. gxf4 Bh6 22. Qg4 Qf6 23. bxc5 Bxf4 24. Rb7 dxc5 25. Qc8+ Qf8 26. Qe6+ Kh8 27. Rf7 Qd8 28. Rxf4 Qa8+ 29. Qd5 1-0

[Event "Titled Tuesday intern op 21st Feb Late"]
[Site "Chess.com INT"]
[Date "2023.02.21"]
[Round "1"]
[White "Sadovsky, Artem"]
[Black "Adel, Sara"]
[Result "1-0"]
[WhiteElo "2276"]
[BlackElo "1764"]
[PlyCount "57"]
[EventDate "2023.02.21"]
[EventType "swiss (blitz)"]
[EventRounds "11"]
[EventCountry "USA"]
[SourceTitle "CBM 212 Extra"]
[Source "ChessBase"]
[SourceDate "2023.03.31"]
[SourceVersion "1"]
[SourceVersionDate "2023.03.31"]
[SourceQuality "1"]

1. Nf3 Nf6 2. e3 g6 3. b3 Bg7 4. Bb2 0-0 5. Be2 Nc6 6. 0-0 d6 7. d4 e5 8. dxe5 Ng4 9. c4 Ncxe5 10. Nxe5 Nxe5 11. Nc3 h5 12. h3 Be6 13. Qd2 Qd7 14. f4 Nc6 15. Nd5 Bxh3 16. Bxg7 Kxg7 17. gxh3 Qxh3 18. Bf3 Rae8 19. Qg2 Qd7 20. Rae1 Ne7 21. Nxe7 Rxe7 22. Bxb7 h4 23. Bc6 Qf5 24. Kh2 Rh8 25. Qh3 Qc2+ 26. Qg2 Qf5 27. e4 Qh5 28. f5 g5 29. f6+ 1-0

[Event "Titled Tuesday intern op 21st Feb Late"]
[Site "Chess.com INT"]
[Date "2023.02.21"]
[Round "4"]
[White "Seletsky, Grigory"]
[Black "Adel, Sara"]
[Result "1-0"]
[WhiteElo "2279"]
[BlackElo "1764"]
[PlyCount "93"]
[EventDate "2023.02.21"]
[EventType "swiss (blitz)"]
[EventRounds "11"]
[EventCountry "USA"]
[SourceTitle "CBM 212 Extra"]
[Source "ChessBase"]
[SourceDate "2023.03.31"]
[SourceVersion "1"]
[SourceVersionDate "2023.03.31"]
[SourceQuality "1"]

1. e4 c6 2. d3 d5 3. Nd2 dxe4 4. dxe4 g6 5. Ngf3 Bg7 6. Be2 Nf6 7. 0-0 0-0 8. c3 Bg4 9. Qc2 Nbd7 10. h3 Bxf3 11. Nxf3 Qc7 12. Be3 Rfd8 13. a4 a5 14. Rfd1 Ne5 15. Nd2 b6 16. f4 Ned7 17. Nc4 b5 18. Nd2 e5 19. Rf1 b4 20. Nc4 bxc3 21. bxc3 c5 22. f5 Nb6 23. Nxb6 Qxb6 24. g4 Qc6 25. Bf3 gxf5 26. gxf5 Kh8 27. Kh2 c4 28. Rg1 Rd3 29. Rae1 Rg8 30. Bh1 Nxe4 31. Qg2 Rxe3 32. Rxe3 Qh6 33. Rxe4 Rd8 34. Rg4 Rd2 35. Rxg7 Rxg2+ 36. R1xg2 Qf4+ 37. R2g3 h5 38. Kg1 Qc1+ 39. Kg2 Qd2+ 40. Kf1 Qc1+ 41. Kf2 Qxh1 42. f6 Qh2+ 43. Ke3 Qc2 44. Rg8+ Kh7 45. R3g7+ Kh6 46. Rh8+ Qh7 47. Rhxh7# 1-0

[Event "Titled Tuesday intern op 27th Dec Early"]
[Site "Chess.com INT"]
[Date "2022.12.27"]
[Round "9"]
[White "Dilmukhametov, Artur"]
[Black "Adel, Sara"]
[Result "0-1"]
[WhiteElo "2276"]
[BlackElo "1785"]
[PlyCount "34"]
[EventDate "2022.12.27"]
[EventType "swiss (blitz)"]
[EventRounds "11"]
[EventCountry "USA"]
[SourceTitle "EXT 2024"]
[Source "ChessBase"]
[SourceDate "2023.10.10"]
[SourceVersion "1"]
[SourceVersionDate "2023.10.10"]
[SourceQuality "1"]

1. d4 Nf6 2. Nc3 g6 3. Bf4 Bg7 4. e4 d6 5. Nf3 Nbd7 6. e5 Nh5 7. Qd2 Nxf4 8. Qxf4 dxe5 9. dxe5 0-0 10. 0-0-0 c6 11. Bd3 Qa5 12. Rde1 Nc5 13. Bc4 b5 14. Qd4 bxc4 15. h4 Bh6+ 16. Kb1 Rd8 17. Qg4 Bxg4 0-1

[Event "Titled Tuesday intern op 27th Dec Early"]
[Site "Chess.com INT"]
[Date "2022.12.27"]
[Round "5"]
[White "Fernandez Siles, Luis"]
[Black "Adel, Sara"]
[Result "1-0"]
[WhiteElo "2220"]
[BlackElo "1785"]
[PlyCount "101"]
[EventDate "2022.12.27"]
[EventType "swiss (blitz)"]
[EventRounds "11"]
[EventCountry "USA"]
[SourceTitle "EXT 2024"]
[Source "ChessBase"]
[SourceDate "2023.10.10"]
[SourceVersion "1"]
[SourceVersionDate "2023.10.10"]
[SourceQuality "1"]

1. d4 Nf6 2. c4 g6 3. Nc3 Bg7 4. e4 d6 5. Nf3 Nbd7 6. Be2 e5 7. 0-0 0-0 8. Re1 Qe7 9. Bf1 Nh5 10. g3 c6 11. Be3 h6 12. Qd2 Kh7 13. dxe5 Nxe5 14. Nxe5 dxe5 15. f3 Rd8 16. Qc2 Be6 17. c5 f5 18. exf5 Bxf5 19. Ne4 Nf6 20. Bd3 Bh3 21. Nxf6+ Qxf6 22. Be4 Rd7 23. Rad1 Rad8 24. Rxd7 Rxd7 25. Rd1 Rxd1+ 26. Qxd1 Bf8 27. b4 Qe7 28. Qd3 Qe6 29. Qc2 Bf5 30. a3 Be7 31. g4 Bxe4 32. Qxe4 Bf6 33. h4 Qb3 34. h5 Qd1+ 35. Kg2 Qe2+ 36. Bf2 Qxe4 37. fxe4 gxh5 38. gxh5 Bg5 39. Kf3 Bc1 40. a4 Bd2 41. b5 cxb5 42. axb5 a5 43. c6 bxc6 44. bxc6 Bg5 45. c7 Bd8 46. cxd8Q a4 47. Qe7+ Kg8 48. Qe8+ Kg7 49. Bg3 a3 50. Bxe5+ Kh7 51. Qf7# 1-0

[Event "Titled Tuesday intern op 29th Nov Early"]
[Site "Chess.com INT"]
[Date "2022.11.29"]
[Round "8"]
[White "Adel, Sara"]
[Black "Fawzy, Adham"]
[Result "0-1"]
[WhiteElo "1791"]
[BlackElo "2483"]
[PlyCount "48"]
[EventDate "2022.11.29"]
[EventType "swiss (blitz)"]
[EventRounds "11"]
[EventCountry "USA"]
[SourceTitle "EXT 2024"]
[Source "ChessBase"]
[SourceDate "2023.10.10"]
[SourceVersion "1"]
[SourceVersionDate "2023.10.10"]
[SourceQuality "1"]

1. e4 c5 2. Nc3 d6 3. f4 g6 4. Nf3 Bg7 5. Bc4 Nc6 6. 0-0 e6 7. Qe1 Nge7 8. d3 0-0 9. f5 gxf5 10. Qh4 fxe4 11. dxe4 Ng6 12. Qh5 Nce5 13. Ng5 h6 14. Nxf7 Rxf7 15. Rxf7 Kxf7 16. Bxh6 Qh4 17. Rf1+ Kg8 18. Qf5 Qxh6 19. Bxe6+ Bxe6 20. Qxe6+ Kh7 21. Nd5 Rf8 22. Rxf8 Nxf8 23. Qe7 Ng4 24. h3 Qc1# 0-1

[Event "Titled Tuesday intern op 29th Nov Early"]
[Site "Chess.com INT"]
[Date "2022.11.29"]
[Round "11"]
[White "Ciuffoletti, Paolo"]
[Black "Adel, Sara"]
[Result "0-1"]
[WhiteElo "2106"]
[BlackElo "1791"]
[PlyCount "70"]
[EventDate "2022.11.29"]
[EventType "swiss (blitz)"]
[EventRounds "11"]
[EventCountry "USA"]
[SourceTitle "EXT 2024"]
[Source "ChessBase"]
[SourceDate "2023.10.10"]
[SourceVersion "1"]
[SourceVersionDate "2023.10.10"]
[SourceQuality "1"]

1. e4 c6 2. d4 d5 3. exd5 cxd5 4. c4 e6 5. Nc3 Nf6 6. Nf3 dxc4 7. Bxc4 Nc6 8. 0-0 Be7 9. Bg5 a6 10. a3 b5 11. Ba2 Bb7 12. Rc1 Na5 13. Ne5 Rc8 14. Qe2 0-0 15. Rfd1 Nd5 16. Bxe7 Nxc3 17. Rxc3 Qxe7 18. Rg3 Rfd8 19. Qg4 Qf6 20. h4 Rc2 21. Rf3 Bxf3 22. Nxf3 Rxb2 23. Bb1 Nb3 24. Qe4 g6 25. h5 Rc8 26. Ne5 Qxf2+ 27. Kh1 Nd2 28. Qb7 Rf8 29. Nd7 Qh4+ 30. Kg1 Qxd4+ 31. Kh1 Rd8 32. hxg6 hxg6 33. Nb6 Qh4+ 34. Kg1 Ne4 35. Bxe4 Rxd1# 0-1

[Event "Titled Tuesday intern op 29th Nov Early"]
[Site "Chess.com INT"]
[Date "2022.11.29"]
[Round "10"]
[White "Kiseljova, Marya"]
[Black "Adel, Sara"]
[Result "0-1"]
[WhiteElo "2031"]
[BlackElo "1791"]
[PlyCount "64"]
[EventDate "2022.11.29"]
[EventType "swiss (blitz)"]
[EventRounds "11"]
[EventCountry "USA"]
[SourceTitle "EXT 2024"]
[Source "ChessBase"]
[SourceDate "2023.10.10"]
[SourceVersion "1"]
[SourceVersionDate "2023.10.10"]
[SourceQuality "1"]

1. d4 Nf6 2. c4 g6 3. Nc3 Bg7 4. e4 d6 5. Be2 0-0 6. Bg5 Nbd7 7. Qd2 c5 8. d5 a6 9. a4 Rb8 10. Nf3 Qa5 11. 0-0 Qb4 12. Rfb1 b5 13. axb5 axb5 14. cxb5 Nxe4 15. Nxe4 Qxe4 16. Ra7 Qxb1+ 17. Ne1 Qxb2 18. Qxb2 Bxb2 19. Bxe7 Re8 20. Bxd6 Rxe2 21. Kf1 Rxe1+ 22. Kxe1 Rxb5 23. Ra8 Nb6 24. Rb8 Bc3+ 25. Ke2 Kg7 26. Kd3 Bd4 27. Bc7 Ba6 28. Ke4 Nc4 29. Ra8 Bb7 30. Rb8 Rb3 31. Bd6 f5+ 32. Kf4 Nxd6 0-1

[Event "Titled Tuesday intern op 29th Nov Late"]
[Site "Chess.com INT"]
[Date "2022.11.29"]
[Round "6"]
[White "Paterek, Michal"]
[Black "Adel, Sara"]
[Result "1-0"]
[WhiteElo "2307"]
[BlackElo "1791"]
[PlyCount "125"]
[EventDate "2022.11.29"]
[EventType "swiss (blitz)"]
[EventRounds "11"]
[EventCountry "USA"]
[SourceTitle "EXT 2024"]
[Source "ChessBase"]
[SourceDate "2023.10.10"]
[SourceVersion "1"]
[SourceVersionDate "2023.10.10"]
[SourceQuality "1"]

1. d4 Nf6 2. c4 g6 3. Nc3 Bg7 4. e4 d6 5. Nf3 Nbd7 6. Be2 e5 7. 0-0 0-0 8. Re1 exd4 9. Nxd4 Nc5 10. f3 c6 11. Kh1 h5 12. Bf1 h4 13. Bg5 Qb6 14. Nb3 Nh5 15. Bxh4 a5 16. Rb1 a4 17. Nxc5 Qxc5 18. Nxa4 Qb4 19. b3 b5 20. Nb6 Rxa2 21. Re2 Rxe2 22. Bxe2 Be6 23. Bf2 Rb8 24. cxb5 cxb5 25. Bf1 Be5 26. Nd5 Qa3 27. Ne7+ Kg7 28. Nc6 Rh8 29. Nxe5 dxe5 30. Bxb5 Qa2 31. Be1 Nf4 32. Bf1 Bc8 33. Bc3 f6 34. Ra1 Qf2 35. Qe1 Qb6 36. b4 Nh5 37. b5 Nf4 38. Rc1 Rh5 39. Bd2 g5 40. Be3 Qb7 41. g3 Ne6 42. Kg2 Kg6 43. b6 Qh7 44. Bg1 Bb7 45. Qb4 f5 46. exf5+ Kxf5 47. Bd3+ Kf6 48. Bxh7 Nd4 49. Qd6+ Kg7 50. Be4 Bxe4 51. fxe4 Rh6 52. Qxh6+ Kxh6 53. Bxd4 exd4 54. b7 d3 55. b8Q d2 56. Rd1 Kh5 57. Rxd2 Kg4 58. Rd4 Kh5 59. Qd6 Kg4 60. e5+ Kf5 61. Qd7+ Kg6 62. Rd6+ Kh5 63. Qh3# 1-0